| 000 | 00725nam a2200217 a 4500 | ||
|---|---|---|---|
| 003 | MX-MxUPN | ||
| 005 | 20240924064000.0 | ||
| 008 | 991125s1964 mx 000 0 spa u | ||
| 035 | _aUPN01000053940 | ||
| 040 |
_aMX-MxUPN _bspa _cMX-MxUPN |
||
| 049 | _aCG | ||
| 050 | 4 |
_aLB1028 _bJ6.88 |
|
| 100 | 1 |
_aJones, Arthur J. _q(Arthur Julius), _d1871-1963 _943576 |
|
| 245 | 1 | 3 |
_aEl sistema de unidades de trabajo escolar / _cArthur J. Jones, E. D. Grizzell y Wron Jonos Grinstoad ; tr. rev. por Domingo Tirado Benedí. |
| 260 |
_aMéxico : _bUTEHA, _c1964. |
||
| 300 | _a283 p. | ||
| 650 | 4 |
_aEducación _xInvestigación _94070 |
|
| 700 | 1 |
_aGrizzell, E. D., _ecoaut. |
|
| 700 | 1 |
_aGrinstead, Wron Jonos, _ecoaut. |
|
| 905 | _aLibro | ||
| 999 |
_c53940 _d53940 |
||